=LDR 00000nam 2200000 4500 =001 NUTBA000000000002276 =005 20140611084857.0 =006 =007 =008 =020 ##$$a 978-979-1211-38-3 =035 ##$$a 0010-061400000000219 =040 ##$$a NBPDMAT =082 ##$$a 635.6 =090 ##$$a 635.6 $b Her b =100 ##$$a Hery Nuryanto =245 ##$$a Budidaya melon / $c Hery Nuryanto =260 ##$$a Jakarta : $b Azka Press, $c 2007 =300 ##$$a iv, 124 hlm. $b ilus. ; $c 21 cm. =500 ##$$a Bibliografi : hlm. 124 =650 ##$$a Melon - Budidaya =850 ##$$a NBPDMAT =990 ##$$a 21401077